| 000 | 01087nam a2200349 a 4500 | ||
|---|---|---|---|
| 001 | 000031983 | ||
| 003 | DO-SdBNP | ||
| 005 | 20220701115933.0 | ||
| 007 | 000031983 | ||
| 008 | 110707s2006 dr ac 000 0 spa d | ||
| 020 | _a9945857800 | ||
| 040 |
_aBPMSU _bspa _cBPMSU |
||
| 082 | 0 | 4 |
_aRD863.44 _bB742c |
| 100 | 1 |
_4Bosch, Juan _d1909-2001 |
|
| 243 | _p | ||
| 245 | 1 | 0 |
_aPalabra de Bosch : _bcuentos / _cJuan Bosch |
| 260 |
_aSanto Domingo : _bFundación Juan Bosch, _c2006. |
||
| 300 |
_a17 p. : _bil., retrs. + CD-ROM ; _c20 cm. |
||
| 500 | _aEntrevista sobre los cuentos | ||
| 505 | 0 |
_tLuis Pie -- _tLos amos -- _tEn un bohio -- |
|
| 563 | _aTres obras publicadas juntas con paginación continúa | ||
| 650 | 4 | _aCuentos dominicanos | |
| 650 | 4 | _aLiteratura dominicana | |
| 710 | 2 |
_aFundación Juan Bosch _b(República Dominicana) |
|
| 740 | _aLuis Pie | ||
| 740 | _aLos amos | ||
| 740 | _aEn un bohio | ||
| 942 |
_2ddc _cBK |
||
| 945 | _aInventariado / 2017 VM | ||
| 956 | _aValidado. Control de calidad MFF | ||
| 956 |
_aVMATEO _210 _320150423 _6BPMSU _800151 |
||
| 999 |
_c7530 _d7530 |
||